000 00527nam a2200205 a 4500
001 85137
003 BD-RjUL
005 20250708113224.0
008 250708s1960 nyu||||| |||| 00| 0 eng d
035 _a(BD-RjUL)85137
040 _aBD-RjUL
_beng
_cBD-RjUL
041 _aeng
082 _223
_a823
_bCOT 1960
100 _aConrad, Joseph
245 _aThree short novels /
_cJoseph Conrad
260 _aNew York :
_bBantam Books,
_c1960
300 _axvi, 206 pages ;
_c18 cm.
650 _aShort stories
942 _2ddc
_cBK
999 _c85137
_d85137